000 00905nam a22002897a 4500
003 CHAP
005 20220329140743.0
008 971013s1981 r 00010 d
010 _a57097
011 _a58069
035 _a62224
040 _cCHAP
082 _a674.134
_bS4
100 0 0 _aSjostrom, Eero.
_9106809
245 _aWood chemistry ; fundamentals and applications
260 _aNew York :
_bAcademic Press,
_c1981
300 _a223 p.
_b: ilus. ; gráfs.
590 _aBATCH-UPD
_b10
_c20130110
_lUCH01
_h0811
590 _aBATCH-UPD
_b10
_c20130410
_lUCH01
_h0448
590 _aBATCH-UPD
_b10
_c20130914
_lUCH01
_h1739
590 _aCONVERSION
_b10
_c20130109
_lUCH01
_h1331
650 1 4 _aMadera
_xAprovechamiento químico.
_969596
650 1 4 _aMadera
_xQuímica.
_969623
901 _aBK
942 _cLIBRO
949 _a674.134 S4
_bBC
_cLIBRO
_d33724000150017
_eLIBRO
_gI. 123010
_h62921
_i62224
_si
999 _c57097
_d57097